| 000 | 00000nam 2200000za 4500 |
| 001 | 9.639455 |
| 003 | CaOODSP |
| 005 | 20240202111329 |
| 007 | cr ||||||||||| |
| 008 | 150407|1998||||xxc|||||o f|0| 0 fre d |
| 040 | |aCaOODSP|bfre |
| 043 | |an-cn--- |
| 086 | 1 |aC89-4/76-1998F-PDF |
| 110 | 2 |aAgence de promotion économique du Canada atlantique. |bDivision de l'évaluation et de l'économétrie. |
| 245 | 10|aRapport concernant les effets des CLDE de la Nouvelle-Écosse sur leurs clients et leur satisfaction |h[ressource électronique] |
| 260 | |bAgence de promotion économique du Canada atlantique. |cJanvier 1998. |
| 300 | |a24p.|btableaux |
| 590 | |a11-30-Supp|b2011-12-02 |
| 691 | 07|aEntreprise|2gcpds |
| 691 | 07|aProgramme d'aide|2gcpds |
| 691 | 07|aEntrepreneuriat|2gcpds |
| 775 | 08|tReport on client impact and satisfaction of Nova Scotia CBDCs |w(CaOODSP)9.695309 |
| 776 | 0#|tRapport concernant les effets des CLDE de la Nouvelle-Écosse sur leurs clients et leur satisfaction / |w(CaOODSP)9.681236 |
| 856 | 40|ahttp://publications.gc.ca|qPDF|s81 Ko|uhttps://publications.gc.ca/collections/Collection/C89-4-76-1998F.pdf |